| 000 | 00935nam a22003137a 4500 | ||
|---|---|---|---|
| 001 | BR8801953 | ||
| 003 | BR-BrBNA | ||
| 005 | 20230928092901.0 | ||
| 007 | ta | ||
| 008 | 230509b bl.||||| |||| 00| 0 por d | ||
| 040 |
_aBR-BrBNA _bpor _cBiblioteca Nacional de Agricultura |
||
| 041 | _a(Por) | ||
| 072 |
_aQ03; Q04 _b9410 _b3735 |
||
| 090 | _ 9410 BR8801953 | ||
| 100 | 1 | _aGoulart, R. (ed.) | |
| 110 | 1 | _aSecretaria da Saude, Florianopolis, SC (Brasil). Lab. Central de Saude Publica. Div. de Bromatologia | |
| 245 | 1 | _aNormas de analises bromatologicas. v. 1 - Analise de leite, Analise de agua, Analise de sal | |
| 260 | 3 |
_aFlorianopolis, SC (Brasil): _c1983. |
|
| 300 | _a63 p. | ||
| 500 | _a15 tables; 16 ref. | ||
| 650 | _aLEITE | ||
| 650 | _aAGUA | ||
| 650 | _aSAL | ||
| 650 | _aBROMATOLOGIA | ||
| 650 | _aANALISE DE ALIMENTO | ||
| 650 | _aLEGISLACAO | ||
| 909 |
_a202309 _bLucia _c55 _dLucia Elande |
||
| 942 | _cBK | ||
| 999 |
_c41769 _d41769 |
||